000 01300cam a2200409 a 4500
001 000008205
003 DO-SdBNP
005 20171201140328.0
007 000008205
008 090915s2000 dr 000 f spa d
020 _a8481302139
040 _aBPMSU
_bspa
_cBPMSU
082 0 4 _a813.54
_bC246s
100 1 _aCapote, Truman,
_d1924-1984
240 1 0 _aIn cold blood.
_lEspañol
245 1 0 _aA sangre fría /
_cTruman Capote ; traducción de Fernando Rodríguez ; prólogo de Clara Sánchez.
260 _aSanto Domingo :
_bEl Siglo,
_c2000.
300 _a317 p. ;
_c21 cm.
490 1 _aJoyas del milenio
_v5
500 _aTraduccion de : In cold blood
534 _pTítulo original: In cold blood
600 1 4 _aHICKOCK, RICHARD EUGENE,
_d1931-1965
600 1 4 _aSMITH, PERRY EDWARD,
_d1928-1965
650 4 _aNOVELA ESTADOUNIDENSE
650 4 _aLITERATURA ESTADOUNIDENSE
650 4 _aASESINATO
_z KANSAS
650 4 _aCRIMEN
_zKANSAS
700 1 _aSánchez, Clara,
_epról.
700 1 _aRodríguez, Fernando,
_etr.
830 4 _aJoyas del milenio
_p5
910 _aValidado. Control de calidad MFF
930 1 _l
_m
_h
_8
_f
_p
_g
942 _2ddc
_cBK
945 _aInventariado / 2017 VM
956 _a
_b
_c
_l
_h
956 _aVMATEO
_b10
_c20150225
_lBND01
_h00151
999 _c7512
_d7512